MARC

LEADER 00000nam0a2200000 4500
001 337392
005 20231102004939.0
035 |a (RuTPU)RU\TPU\book\363860 
090 |a 337392 
100 |a 20171103d1963 km y0rusy50 ca 
101 0 |a rus 
102 |a RU 
105 |a a z 001zy 
200 1 |a Деформации уступов и бортов в карьерах  |f А. М. Демин, Б. К. Александров  |g Государственный комитет по топливной промышленности при Госплане СССР ; Центральный научно-исследовательский институт информации и технико-экономических исследований угольной промышленности (ЦНИИТЭИ угля) 
210 |a Москва  |c Изд-во ЦНИИТЭИ  |d 1963 
215 |a 79 с.  |c ил. 
320 |a Библиогр.: с. 75-79 
606 1 |a Карьеры  |x Борта  |x Деформация  |x Устойчивость  |x Расчет  |2 stltpush  |3 (RuTPU)RU\TPU\subj\39408  |9 59521 
610 1 |a уступы 
610 1 |a поверхностное ослабление 
610 1 |a распределение 
610 1 |a оползни 
610 1 |a причины 
610 1 |a предотвращение 
675 |a 622.271.33  |v 4 
700 1 |a Демин  |b А. М.  |g Александр Максимович 
701 1 |a Александров  |b Б. К.  |g Борис Константинович 
712 0 2 |a Государственный комитет по топливной промышленности при Госплане СССР  |2 stltpush  |3 (RuTPU)RU\TPU\col\9970  |9 24772 
712 0 2 |a Центральный научно-исследовательский институт информации и технико-экономических исследований угольной промышленности (ЦНИИТЭИ угля)  |2 stltpush  |3 (RuTPU)RU\TPU\col\27642 
801 1 |a RU  |b 63413507  |c 20171103 
801 2 |a RU  |b 63413507  |c 20201112  |g RCR 
942 |c BK